000 00787cam a2200253 a 4500
001 000010110
005 20200929161840.0
008 780807s1976 sp 001 p spa
015 _aSp***
020 _a8432503347
040 _aDO-SdBNP
_bspa
_cDLC
_dBNPHU
082 _a861.64
_bL864e
100 1 _aLópez Anglada, Luis,
_d1919-
_925105
245 1 0 _aElegías del capitán :
_by otros poemas /
_cLuis López Anglada.
260 _aMadrid, (España) :
_bDoncel,
_c1976.
300 _a143 p. ;
_c18 cm.
490 1 _aEl Libro de bolsillo Doncel
_v124
650 4 _aPoesía española
_9631
650 4 _aGuerra
_xPoesía
_925106
650 4 _aLiteratura española
_9632
830 0 _aEl Libro de bolsillo Doncel ;
_v124
_98628
910 _aCatalogación por copia / LC
049 _aBNGR
999 _c9869
_d9869